000
00333nam a2200133Ia 4500
008
240624s9999 xx 000 0 und d
041
_a
eng
082
_a
332.63 GUJ
100
_a
GUJRAL ASHWANI
245
_a
HOW TO MAKE MONEY WITH CHARTS
260
_c
2012
_a
New Delhi
_b
Vision Books
300
_a
320 : p. : cm. ; 20
365
_c
RS
999
_c
22595
_d
22595